[Event "Landesliga U20 Nord 1112"]
[Site "Bayern"]
[Date "2011.12.03"]
[Round "2.3"]
[White "Koch, Christian1111"]
[Black "Nemeth Csoka, Mihaly"]
[Result "0-1"]
[WhiteElo "1740"]
[BlackElo "1803"]
[PlyCount "118"]
[EventDate "2011.11.12"]
[EventType "team-tourn"]
[EventRounds "7"]
[EventCountry "GER"]
[SourceTitle "EXT 2022"]
[Source "ChessBase"]
[SourceDate "2021.10.06"]
[SourceVersion "1"]
[SourceVersionDate "2021.10.06"]
[SourceQuality "1"]
[WhiteTeam "Hoechstadt SC U20"]
[BlackTeam "Grossenseebach U20"]
[WhiteTeamCountry "GER"]
[BlackTeamCountry "GER"]

1. e4 g6 2. d4 Bg7 3. c4 d6 4. Nc3 e5 5. dxe5 dxe5 6. Qxd8+ Kxd8 7. Be3 c6 8. Rd1+ Kc7 9. Bc5 Be6 10. Nf3 f6 11. Be2 Nh6 12. Bd6+ Kc8 13. 0-0 Nf7 14. c5 Nxd6 15. Rxd6 Re8 16. b4 Bf8 17. Rdd1 Rd8 18. Rxd8+ Kxd8 19. Nd2 a5 20. a3 axb4 21. axb4 Ra3 22. Rc1 Na6 23. Bxa6 bxa6 24. Kf1 Bh6 25. Ke1 Kc7 26. Kd1 Bxd2 27. Kxd2 Rb3 28. Rb1 Kb7 29. Kc2 Rxb1 30. Nxb1 a5 31. Kc3 Ka6 32. Na3 h6 33. Nb1 Kb5 34. bxa5 Kxa5 35. Na3 Ka4 36. Nb1 Kb5 37. Nd2 Kxc5 38. Kd3 Kb4 39. Kc2 c5 40. Kd3 Bb3 41. Nb1 c4+ 42. Kd2 Kc5 43. Kc3 Bd1 44. Nd2 Be2 45. f3 g5 46. Nb1 Bf1 47. g3 Be2 48. Nd2 h5 49. h4 gxh4 50. gxh4 Kb5 51. Nb1 Bxf3 52. Na3+ Kc5 53. Nxc4 Bxe4 54. Ne3 Bg6 55. Ng2 Kd5 56. Kd2 Ke4 57. Ke2 f5 58. Kf2 f4 59. Ne1 Be8 0-1

[Event "Mittelfranken-chTB2a 0809"]
[Site "Mittelfranken"]
[Date "2009.03.22"]
[Round "8.7"]
[White "Geier, Erhardt"]
[Black "Nemeth Csoka, Mihaly"]
[Result "1/2-1/2"]
[WhiteElo "1779"]
[BlackElo "1643"]
[PlyCount "46"]
[EventDate "2008.10.12"]
[EventType "team"]
[EventRounds "9"]
[EventCountry "GER"]
[SourceTitle "EXT 2011"]
[Source "ChessBase"]
[SourceDate "2010.11.26"]
[SourceVersion "1"]
[SourceVersionDate "2010.11.26"]
[SourceQuality "1"]
[WhiteTeam "Forchheim III"]
[BlackTeam "Grossenseebach II"]
[WhiteTeamCountry "GER"]
[BlackTeamCountry "GER"]

1. e4 e6 2. d4 d5 3. e5 c5 4. Qg4 cxd4 5. Nf3 Nc6 6. Bd3 Nge7 7. 0-0 Qc7 8. Re1 Nb4 9. Nxd4 Nxd3 10. cxd3 Nc6 11. Nxc6 bxc6 12. d4 Ba6 13. Nc3 Rb8 14. a3 Bd3 15. b4 a5 16. Na2 Bf5 17. Qg3 axb4 18. Nxb4 Bxb4 19. axb4 0-0 20. Bd2 Qb6 21. Qc3 Ra8 22. h3 Qb5 23. Rec1 Rxa1 1/2-1/2

[Event "Mittelfranken-chTB2a 0809"]
[Site "Mittelfranken"]
[Date "2009.01.11"]
[Round "4.7"]
[White "Nemeth Csoka, Mihaly"]
[Black "Babichev, Vyacheslav"]
[Result "1-0"]
[WhiteElo "1643"]
[BlackElo "1716"]
[PlyCount "109"]
[EventDate "2008.10.12"]
[EventType "team"]
[EventRounds "9"]
[EventCountry "GER"]
[SourceTitle "EXT 2011"]
[Source "ChessBase"]
[SourceDate "2010.11.26"]
[SourceVersion "1"]
[SourceVersionDate "2010.11.26"]
[SourceQuality "1"]
[WhiteTeam "Grossenseebach II"]
[BlackTeam "Nuernberg Sued SW III"]
[WhiteTeamCountry "GER"]
[BlackTeamCountry "GER"]

1. e4 d6 2. Nf3 Nf6 3. Nc3 g6 4. d4 Bg7 5. Bf4 0-0 6. Qd2 Bg4 7. 0-0-0 a6 8. Bh6 b5 9. Bxg7 Kxg7 10. e5 Nfd7 11. Be2 Nb6 12. Qf4 Bxf3 13. Bxf3 d5 14. h4 e6 15. g4 f6 16. h5 g5 17. exf6+ Qxf6 18. Qxc7+ N8d7 19. Rd3 h6 20. Re1 Qe7 21. Nxd5 Nxd5 22. Bxd5 Rac8 23. Qg3 Rf6 24. Rde3 Nf8 25. Bb3 Qd7 26. d5 Re8 27. dxe6 Nxe6 28. Bxe6 Rexe6 29. Rd1 Qc8 30. Rc3 Qe8 31. Rcd3 Rf7 32. Rd6 Rxd6 33. Qxd6 Rf6 34. Qc7+ Rf7 35. Qc3+ Rf6 36. Rd6 Qe7 37. Qxf6+ Qxf6 38. Rxf6 Kxf6 39. Kd2 Ke5 40. Ke3 a5 41. a4 b4 42. c3 bxc3 43. bxc3 Kd5 44. Kd3 Kc5 45. f3 Kd5 46. c4+ Ke5 47. Ke3 Kf6 48. Kd4 Ke6 49. c5 Ke7 50. Kd5 Kd7 51. c6+ Kc8 52. Kc5 Kc7 53. Kb5 Kc8 54. Kxa5 Kc7 55. Kb5 1-0

[Event "GER-chT U20"]
[Site "Berlin"]
[Date "2005.12.28"]
[Round "4.6"]
[White "Hennch, Thomas"]
[Black "Nemeth Csoka, Mihaly"]
[Result "0-1"]
[WhiteElo "1039"]
[BlackElo "1455"]
[PlyCount "90"]
[EventDate "2005.12.27"]
[EventType "team-swiss"]
[EventRounds "7"]
[EventCountry "GER"]
[SourceTitle "EXT 2022"]
[Source "ChessBase"]
[SourceDate "2021.10.06"]
[SourceVersion "1"]
[SourceVersionDate "2021.10.06"]
[SourceQuality "1"]
[WhiteTeam "Puschendorf U20"]
[BlackTeam "Grossenseebach U20"]
[WhiteTeamCountry "GER"]
[BlackTeamCountry "GER"]

1. e4 e6 2. d4 d5 3. exd5 exd5 4. Bd3 Bd6 5. Nc3 c6 6. Nf3 Ne7 7. 0-0 0-0 8. Bg5 Qc7 9. h3 h6 10. Bd2 Bf5 11. Bxf5 Nxf5 12. g3 Bxg3 13. Qe1 Bd6 14. Ne2 Nd7 15. Bb4 Nf6 16. Bxd6 Nxd6 17. Ne5 Rfe8 18. Kh1 Nd7 19. Rg1 Nxe5 20. dxe5 Rxe5 21. Qc3 Nb5 22. Qd2 Rh5 23. Qe3 Qd7 24. Rg3 Re8 25. Qf3 Rg5 26. Rxg5 hxg5 27. Nc3 Nxc3 28. Qxc3 Re4 29. Rg1 Qf5 30. Qg3 Rh4 31. Kh2 Qf4 32. Qxf4 Rxf4 33. Kg3 f6 34. Re1 Kf7 35. f3 Rd4 36. Re3 Rb4 37. Ra3 a6 38. b3 Ke6 39. c3 Rf4 40. Ra5 Kd6 41. a3 g6 42. Kf2 f5 43. Kg3 Rh4 44. Kh2 g4 45. Kg3 Rxh3+ 0-1

[Event "Seebach op 16th"]
[Site "Grossenseebach"]
[Date "2005.05.27"]
[Round "3"]
[White "Eibl, Maximilian"]
[Black "Nemeth Csoka, Mihaly"]
[Result "1-0"]
[WhiteElo "1843"]
[BlackElo "1473"]
[PlyCount "55"]
[EventDate "2005.05.26"]
[EventType "swiss"]
[EventRounds "7"]
[EventCountry "GER"]
[SourceTitle "EXT 2018"]
[Source "ChessBase"]
[SourceDate "2017.10.13"]
[SourceVersion "1"]
[SourceVersionDate "2017.10.13"]
[SourceQuality "1"]

1. e4 e6 2. d4 d5 3. Nc3 Nf6 4. Bg5 Be7 5. e5 Nfd7 6. h4 c5 7. Bxe7 Qxe7 8. Nb5 0-0 9. Nc7 Nb6 10. Nxa8 Nxa8 11. Nf3 Nc6 12. dxc5 Qxc5 13. c3 f6 14. exf6 Rxf6 15. Be2 b6 16. 0-0 Nc7 17. Qd2 Bb7 18. Nd4 e5 19. Nxc6 Bxc6 20. Bf3 Rg6 21. h5 Rf6 22. Rad1 Qf8 23. Qe3 Qe8 24. Rfe1 d4 25. Qxe5 Bxf3 26. Qxc7 Qxh5 27. Qc8+ Kf7 28. Qe8# 1-0

[Event "Seebach op 16th"]
[Site "Grossenseebach"]
[Date "2005.05.26"]
[Round "2"]
[White "Nemeth Csoka, Mihaly"]
[Black "Bildt, Maximilian"]
[Result "1/2-1/2"]
[WhiteElo "1473"]
[BlackElo "1622"]
[PlyCount "65"]
[EventDate "2005.05.26"]
[EventType "swiss"]
[EventRounds "7"]
[EventCountry "GER"]
[SourceTitle "EXT 2018"]
[Source "ChessBase"]
[SourceDate "2017.10.13"]
[SourceVersion "1"]
[SourceVersionDate "2017.10.13"]
[SourceQuality "1"]

1. e4 c5 2. Nf3 e6 3. d4 cxd4 4. Nxd4 Be7 5. Nc3 a6 6. Be3 d6 7. Qd2 Nf6 8. f3 b5 9. Be2 Bb7 10. g4 Nc6 11. g5 Nd7 12. h4 Qa5 13. Nb3 Qc7 14. Bf4 Rc8 15. Rd1 Nde5 16. Be3 Nc4 17. Bxc4 bxc4 18. Nd4 Ne5 19. Rg1 Rd8 20. f4 Nd7 21. f5 e5 22. Nf3 Nc5 23. Nd5 Bxd5 24. Qxd5 Qa5+ 25. Kf1 Qxa2 26. Bxc5 dxc5 27. Qc6+ Kf8 28. Rxd8+ Bxd8 29. Qd6+ Ke8 30. Qc6+ Kf8 31. Qd6+ Ke8 32. Qc6+ Kf8 33. Qd6+ 1/2-1/2

[Event "GER-chT U12"]
[Site "Verden"]
[Date "2004.12.27"]
[Round "2.2"]
[White "Kaiser, Philipp"]
[Black "Nemeth Csoka, Mihaly"]
[Result "0-1"]
[WhiteElo "1295"]
[BlackElo "1374"]
[PlyCount "57"]
[EventDate "2004.12.27"]
[EventType "team-swiss"]
[EventRounds "7"]
[EventCountry "GER"]
[SourceTitle "EXT 2006"]
[Source "ChessBase"]
[SourceDate "2005.11.24"]
[SourceVersion "1"]
[SourceVersionDate "2005.11.24"]
[SourceQuality "1"]

1. d4 g6 2. e4 Bg7 3. Bc4 d6 4. Nf3 e5 5. dxe5 dxe5 6. Qxd8+ Kxd8 7. Ng5 Nh6 8. Nxf7+ Nxf7 9. Bxf7 Nc6 10. Bg5+ Kd7 11. 0-0 h6 12. Rd1+ Nd4 13. Be3 Ke7 14. Bxd4 exd4 15. Bxg6 d3 16. c3 Rd8 17. f4 Bg4 18. Rd2 Rd6 19. f5 Bf6 20. e5 Bxe5 21. g3 Kf6 22. Rf2 Rad8 23. Nd2 Rb6 24. Nc4 Rb5 25. Ne3 Be2 26. Rb1 Bxc3 27. b3 Bd4 28. Kh1 Bxe3 29. Rg2 0-1